000 00740nam a22002537a 4500
003 UA-OsUOA
001 38679
007 ta
008 20060518b un ||||| |||| 00| 0 ukr d
100 _aФурса С.Я.
700 _aЦюра Т.В.
090 _a347.94(477)
_bФ95
942 _cBK
040 _aUA-OsUOA
_bukr
_cUA-OsUOA
_dUA-OsUOA
245 _aДокази і доказування у цивільному процесі
_bНауково-практичний посібник
300 _a256 с.
955 _a2
041 _aukr
080 _a347.94(477)
020 _a966-373-012-9
260 _aК.
_bКНТ
_c2005
650 7 _a347 Цивільне право. Судовий устрій
_2UDC
999 _c324819
_d324819